| 000 | 01228nam a2200277 i 4500 | ||
|---|---|---|---|
| 001 | 155375 | ||
| 003 | ES-MaACL | ||
| 005 | 20250808065322.0 | ||
| 008 | 950111s1598 sp a |||| | spa d | ||
| 040 |
_aCAV _bspa |
||
| 100 | 1 |
_aHerrera y Tordesillas, Antonio de. _963252 _eaut |
|
| 245 | 1 | 0 | _aHistoria de Antonio de Herrera... de los sucessos de Francia desde el año de 1585 que començo la liga Catolica hasta en [sic] fin del año 1594... |
| 260 |
_aEn Madrid : _bpor Lorenço de Ayala : _bVendese en casa de Iuan de Montoya, _c1598. |
||
| 300 |
_a4 h., 353 p., 9 h. ; _c20 cm. |
||
| 510 | 4 |
_aCCBE. S. XVI, _cH, 337 |
|
| 530 | _aDisponible en formato digital | ||
| 597 | _aSign.: A-Z, 2A-2Z, 3A-3Z, 4A-4Y. | ||
| 597 | _aPort. con esc. real. | ||
| 651 | 7 |
_aFrancia- _xHistoria- _y1574-1589, Enrique III _2 _9154828 |
|
| 651 | 4 |
_aFrancia- _xHistoria- _y1598-1610, Enrique IV. _98681 |
|
| 852 |
_aES-MaACL _jR-846 _xHolandesa _cDEPO _dG-2865 |
||
| 856 |
_uhttps://bibliotecavirtualmadrid.comunidad.madrid/bvmadrid_publicacion/es/consulta/registro.do?id=2958 _yVersión en línea _z(Biblioteca Digital de Madrid) |
||
| 942 |
_2udc _cMONANT _n0 |
||
| 999 |
_c155375 _d155375 |
||